1884 1542 1749 1975 1195 1046 1922 1574 1599 1335 1663 1471 1417 1900 1070 1420 1445 1831 1282 1234 1049 1762 1735 1375 2000 1697 1215 1916 1219 1881 1402 1243 1262 1041 1879 1021 1556 1900 1119 1626 1985 1781 1490 1832 1511 2000 1012 1761 1316 1820 1078 1123 1625 1926 1296 1864 1874 1480 1341 1073 1023 1765 1315 1311 1328 1826 1972 1040 1971 1341 1517 1548 1849 1754 1339 1041 1899 1398 1332 1845 1840 1065 1619 1408 1071 1858 1954 1979 1433 1992 1559 1135 1839 1672 1242 1831 1187 1894 1001 BCNSPRNW ULIB Ver.6.0+V

เปลี่ยนเป็นภาษาไทย

Change to English
 แสดงรายละเอียดบรรณานุกรม
  กลับหน้าหลัก

Brief Record : Get Marc (ISO 2709) : E-mail record : QR code < ปิดหน้าต่าง
LEADER : 00000nam 2200000uu 4500
001    13399113418
003     ULIB
008    110627s2553||||th 000 0 tha d
020    9786165000352
090    นว.^bม377พ 2553
100 0  มัลลิกา,นามแฝง
245 00 เพลิงเสน่หา มนตราทะเลทราย/^cมัลลิกา
250    พิมพ์ครั้งที่ 1
260    กรุงเทพฯ :^bพิมพ์คำ,^c2553
300    336 หน้า
710 1  พิมพ์คำ
945    ^p230^l0^i028043
995    ทศพร
999 ^a ใช้งานได้ทุกระบบ
รายการนี้ยังไม่มีแท็ก
คุณยังไม่ได้ล็อกอิน คุณสามารถมีกิจกรรมร่วมกับเว็บไซต์ได้ แต่ต้องล็อกอินก่อน ::
  ล็อกอิน

รายการสื่อสารสนเทศ

ลำดับที่ ประเภท เลขเรียก/บาร์โค้ด สถานที่ สถานะ
1. นวนิยาย
นวนิยาย
นว. ม377พ 2553 ฉ.1 
  Barcode: 028043
ห้องสมุดวิทยาเขตสวรรค์ประชารักษ์
►นวนิยาย
บนชั้น
  ขอยืม

BibComment


ยังไม่เคยถูกคอมเมนท์

คอมเมนท์ทรัพยากรรายการนี้
  คอมเมนท์: เพลิงเสน่หา มนตร..


 Copyright 2026. Bcnsprnw @Library